000 00487nam a2200169Ia 4500
999 _c440
_d440
003 OSt
005 20201223102147.0
008 190216s9999||||xx |||||||||||||| ||und||
040 _coclc
082 _a297.1226
_bDEE/A
100 _aDeedat, Ahmed
_97788
245 0 _aAl-Qur`an The Ultimate Miracle /
_cAhmed Deedat
260 _bIslamic Book Service,
_c1987.
_aNew Delhi:
300 _a75p
650 _aArabic
942 _cBK
_2ddc
_h297.1226
_iDEE/A
_k297.1226
_mDEE/A